000
002450000a22000970004500
100
1
_a
Jaramillo Cárdenas, Luciano
245
1
0
_a
Cambio de gerente
300
_a
Vol. 9, Núm 46 (1997), Páginas 8-9
773
0
_t
Impacto Presbiteriano
942
_c
ANA
999
_c
51035
_d
51035